Discovering Computers 2000 (Record no. 3400)

MARC details
000 -LEADER
fixed length control field 00342nam a2200145Ia 4500
008 - FIXED-LENGTH DATA ELEMENTS--GENERAL INFORMATION
fixed length control field 230312s9999||||xx |||||||||||||| ||und||
020 ## - INTERNATIONAL STANDARD BOOK NUMBER
International Standard Book Number 0-7895-4618-3
082 ## - DEWEY DECIMAL CLASSIFICATION NUMBER
Classification number 004
Item number SHE-D
100 ## - MAIN ENTRY--PERSONAL NAME
Personal name Shelly, Gary B.
245 #0 - TITLE STATEMENT
Title Discovering Computers 2000
260 ## - PUBLICATION, DISTRIBUTION, ETC.
Name of publisher, distributor, etc. COURSE
Place of publication, distribution, etc. New York
Date of publication, distribution, etc. 2000
546 ## - LANGUAGE NOTE
Language note Eng.
650 ## - SUBJECT ADDED ENTRY--TOPICAL TERM
Topical term or geographic name entry element Computer
942 ## - ADDED ENTRY ELEMENTS (KOHA)
Koha item type BOOK
Holdings
Withdrawn status Lost status Source of classification or shelving scheme Damaged status Not for loan Home library Current library Date acquired Total Checkouts Full call number Barcode Date last seen Price effective from Koha item type
    Dewey Decimal Classification     Superior Information Resource Center (SIRC) Superior University- Gold Campus Superior Information Resource Center (SIRC) Superior University- Gold Campus 03/13/2023   004 SHE-D 3414 03/13/2023 03/13/2023 BOOK

Powered by Koha